000 00684nam a2200205 i 4500
001 77413
003 ES-MaACL
005 20230906173207.0
007 t|
008 041008s1982 sp ||||1| spa d
020 _a84-345-2135-0
100 1 _aHammersen, Frithjof.
_961677
245 1 0 _aHistología
_b: atlas en color de citología, histología y anatomía microscópica /
_cSobbota-Hammersen ; [traducción por Rafael Echevarría Ramos].
260 _aBarcelona :
_bSalvat,
_c[1982]
300 _a236 p. :
_bil. ;
_c29 cm.
500 _aIndice.
700 1 _aSobotta, Johannes.
_9106990
700 1 _aEchevarría Ramos, Rafael.
_946563
852 _aES-MaACL
_jL-10219
_bR.112315
999 _c77413
_d77413